00417nmm a2200145Ia 4500008004100000020001800041041000800059100002500067245003500092264003900127300001800166490001400184650002200198856005100220251105s9999||||xx |||||||||||||||||und|| a9788446041306 aspa aGilson Miller, Susan 0aHistoria del Marruecos moderno a[Madrid, España] :bAkal, c2015 a368 páginas aHistorias aHistory of Africa uhttps://public.digitaliapublishing.com/a/37589